| 000 | 01082nam a22003497a 4500 | ||
|---|---|---|---|
| 001 | 0067112 | ||
| 003 | KOHA_MİRAKIL | ||
| 005 | 20260207004709.0 | ||
| 007 | ta | ||
| 008 | 220421b2005 tu |||gr||||#0|||0|tur | | ||
| 020 | _a9789756218242 | ||
| 040 |
_aTR-BiSEU _btur _cTR-BiSEU _erda |
||
| 041 | 0 | _atur | |
| 044 | _ctu | ||
| 050 |
_aBF575 _b.E46 2005 |
||
| 100 | 1 | _aElmacıoğlu, Tuncer. | |
| 245 | 1 |
_aAnlaşarak mutlu yaşayın/ _cTuncer Elmacıoğlu ; Tuncer Elmacıoğlu. |
|
| 264 | 1 |
_aİstanbul : _bHayat _c2005 |
|
| 300 | _a180 sayfa; 21 cm | ||
| 336 |
_ametin _btxt _2rdacontent |
||
| 337 |
_aaracısız _bn _2rdamedia |
||
| 338 |
_acilt _bnc _2rdacarrier |
||
| 490 | 1 |
_aHayat yayınları ; _v209. |
|
| 490 | 1 |
_aKişisel Gelişim Başarı dizisi ; _v59. |
|
| 500 | _aKaynakça var. | ||
| 650 | 0 |
_aKişilerarası ilişkiler (Psikoloji). _943073 |
|
| 650 | 0 |
_aPsikoloji--Mutluluk--Iletisim. _943074 |
|
| 830 | 1 |
_aHayat yayınları ; _v209. _99026 |
|
| 830 | 1 |
_aKişisel Gelişim Başarı dizisi ; _v59. _9127641 |
|
| 907 | _aOkuma Kitabı | ||
| 942 |
_2lcc _cBK |
||
| 999 |
_c67659 _d67659 |
||